000 00581cam a22002295a 4500
001 L141757
008 071219s2008 xxk f 000 0 eng d
020 _a9781905782031
035 _a(Sirsi) u141757
041 _aeng
050 _a336.21026
110 _aInstitute of Revenues, Rating and Valuation
_92992
245 _aAnnotated rating legislation
260 _aLondon
_bIRRV
_c2008
350 _a195
650 _aRATING
651 4 _aENGLAND AND WALES
690 _aRATING AND VALUATION
700 _aMassey, Terry
_xEditor
942 _n0
948 _c27/10/1997
999 _c107760
_d107760